Kluby piłkarskie Hamburga, Bremy i Berlina - nagła śmierć - Statystyki

Ogólne statystyki
  • Ten quiz został rozwiązany 43 razy
  • Średni wynik to 5 z 16
Answers on the Grid
Answers color-coded by a green-red scale on the quiz's grid according to % correct below.
BFC Preussen
FC St. Pauli
Hertha BSC
1. FC Kaiserslautern
1. FC Union
TSV 1860
HSV
SV Werder
ETSV Weiche
Bremer SV
FC Teutonia Ottensen
SC Preußen
VSG Altglienicke
FC Viktoria 1889
SV Babelsberg 03
Hertha 03 Zehlendorf
BFC Dynamo
SG Dynamo
TSV Buchbach
TuS Makkabi
SV Tasmania
Berliner AK 07
BVB
Tennis Borussia
FC 08 Homburg
FC Aarau
 
Statystyki odpowiedzi
Odpowiedź % Poprawnych
Hertha BSC
74%
HSV
69%
SV Werder
69%
1. FC Union
64%
Bremer SV
54%
FC St. Pauli
46%
Berliner AK 07
41%
FC Viktoria 1889
26%
BFC Dynamo
21%
Hertha 03 Zehlendorf
21%
FC Teutonia Ottensen
13%
SV Tasmania
13%
Tennis Borussia
13%
BFC Preussen
10%
VSG Altglienicke
8%
TuS Makkabi
3%
Nie znaleziono quizów pasujących do podanych kryteriów
Rozkład punktacji
Procent ludzi z każdym wynikiem
Percentyl według liczby udzielonych odpowiedzi
Twoja historia wyników
Nie rozwiązałeś tego quizu